[Event "Wch U20 Girls 29th"]
[White "Olenina, Aysa"]
[Black "Eric, Jovana"]
[Site "Chennai"]
[Round "5"]
[Result "0-1"]
[Date "2011.08.06"]
[WhiteElo "2094"]
[BlackElo "2282"]
[PlyCount "82"]
[EventDate "2011.08.02"]
[EventType "swiss"]
[EventRounds "13"]
[EventCountry "IND"]
[SourceTitle "CBM 143 Extra"]
[Source "ChessBase"]
[SourceDate "2011.08.29"]
[SourceVersion "1"]
[SourceVersionDate "2011.08.29"]
[SourceQuality "1"]

1. e4 c5 2. Nf3 d6 3. d4 cxd4 4. Nxd4 Nf6 5. Nc3 g6 6. Be2 Bg7 7. 0-0 Nc6 8. Nb3 0-0 9. Be3 b6 10. f4 Bb7 11. Bf3 Rc8 12. Qe2 Nd7 13. Rad1 Nb4 14. Qd2 Nc5 15. a3 Nc6 16. Qf2 Nxb3 17. cxb3 Na5 18. Nb5 Nxb3 19. Nxa7 Rc5 20. Bxc5 bxc5 21. e5 Qb6 22. Bxb7 Qxb7 23. Qf3 Qxa7 24. exd6 exd6 25. Rxd6 c4+ 26. Kh1 Bxb2 27. f5 Qxa3 28. Rd7 Nc5 29. Qxa3 Bxa3 30. Ra7 Bb2 31. Rc7 Bd4 32. Rd1 Nd3 33. Rf1 c3 34. g3 Be5 35. Rc4 Rb8 36. f6 h6 37. g4 Rb6 38. Rc8+ Kh7 39. Rf8 Rxf6 40. Rxf7+ Rxf7 41. Rxf7+ Kg8 0-1